000 01106nam a2200205 4500
005 20200727130218.0
008 200727b1967 ck ||||gr|||| 00| 0 spa d
040 _aCO-JMCR
_cCO-JMCR
041 0 _aspa
082 0 4 _a339 /
_bL166c
_223
100 1 _aLafont, Manolito,
_eautor
_97879
245 1 0 _aCurso sobre la resolución política del partido Comunista de Colombia /
_cManolito Lafont
260 _aBogotá :
_bPartido Comunista de Colombia,
_c1967.
300 _a189 páginas
_c16 cm.
505 0 _aQué es la linea política del PCC -- Los principios fundamentales de la táctica comunista -- La situación económica nacional -- La política económica oficial y sus repercusiones sobre la situación de los trabajadores -- La situación política nacional -- Por una salida democrática y revolucionaria -- problemas de la unidad popular -- La combinación de todas las formas de la lucha popular -- La revolución Cubana
650 1 4 _zColombia
_97880
650 2 4 _zColombia
_97881
650 2 4 _zColombia
_97881
999 _c6766
_d6766